000
00348nam a2200133Ia 4500
008
231129s9999||||xx |||||||||||||| ||spa||
020
_a
84-7442-007-5
040
_b
spa
082
_a
306.73 V153
100
_a
Valensin Georges
245
0
_a
Practicas del amor en grupo
264
_a
A.T.E
942
_2
ddc
_c
BKS
999
_c
23114
_d
23114